000 00288nam a2200121Ia 4500
008 190216s9999||||xx |||||||||||||| ||und||
100 _aCheurssery
245 0 _aRugmaniswayamvaram
260 _b"House Of Knowledge, Trichur"
_c1968
300 _a111p
650 _aKavithkal
942 _cBK
999 _c25796
_d25796